Bienvenue à la E-Bibliothèque de l’UEH

Bénéficiez l'accès à des milliers de ressources en ligne

Les marins du Havre : (notice nᵒ 11374)

détails MARC
000 -LEADER
fixed length control field 02763 a2200337 4500
001 - CONTROL NUMBER
control field OB-pur-46978
003 - CONTROL NUMBER IDENTIFIER
control field FrMaCLE
005 - DATE AND TIME OF LATEST TRANSACTION
control field 20251214082748.0
007 - PHYSICAL DESCRIPTION FIXED FIELD--GENERAL INFORMATION
fixed length control field cu ||||||m||||
008 - FIXED-LENGTH DATA ELEMENTS--GENERAL INFORMATION
fixed length control field 200310e||||||||xx |||||s|||||||||0|fr|d
020 ## - INTERNATIONAL STANDARD BOOK NUMBER
International Standard Book Number 978-2-7535-5582-2
024 7# - OTHER STANDARD IDENTIFIER
Standard number or code 10.4000/books.pur.46978
Source of number or code doi
040 ## - CATALOGING SOURCE
Original cataloging agency FR-FrMaCLE
041 ## - LANGUAGE CODE
Language code of text/sound track or separate title fra
100 1# - MAIN ENTRY--PERSONAL NAME
Personal name Cochard, Nicolas
245 14 - TITLE STATEMENT
Title Les marins du Havre :
Remainder of title Gens de mer et société urbaine au xixe siècle /
Statement of responsibility, etc. Nicolas Cochard.
260 ## - PUBLICATION, DISTRIBUTION, ETC.
Place of publication, distribution, etc. Rennes :
Name of publisher, distributor, etc. Presses universitaires de Rennes,
Date of publication, distribution, etc. 2020.
300 ## - PHYSICAL DESCRIPTION
Extent 336-XXVIII p.
500 ## - GENERAL NOTE
General note Ebook
520 ## - SUMMARY, ETC.
Summary, etc. Les marins du commerce sont omniprésents dans l'espace et la société du Havre au xixe siècle, dans un contexte d'affirmation de la vocation atlantique de la ville-port, dont les paquebots constituent le symbole le plus évocateur. Pourtant, ces acteurs primordiaux du processus d'intensification des échanges sont assez largement méconnus. Cette étude entend examiner la place des marins dans la ville avec en toile de fond les répercussions maritimes de l'industrialisation à cette période. L'un des fils directeurs consiste à considérer que l'univers des marins au lendemain de l'Empire ou à la veille de la Grande Guerre n'est en rien comparable. C'est un paysage de métal et de fumée qui s'impose progressivement. La ville du Havre constitue un exemple particulièrement intéressant dans la mesure où sa croissance économique et démographique lui permet de jouer un rôle de première importance dans l'économie française au xixe siècle. Dans ce contexte, les marins contribuent à structurer le paysage urbain et, loin de n'être que des individus de passage à la culture singulière, leur présence construit en partie l'identité du Havre. À travers un va-et-vient entre considérations collectives et individuelles, le propos entend suivre les marins du Havre tout au long du siècle afin de faire ressortir l'impact des gens de mer sur la société urbaine. À en croire la littérature de l'époque qui entretient de nombreux poncifs, les marins sont bagarreurs, buveurs, grossiers, miséreux ou immatures, marginaux en quelque sorte. Cette étude propose d'en évaluer la pertinence en fournissant un éclairage global sur le monde des marins à l'heure de la modernisation de la navigation.
540 ## - TERMS GOVERNING USE AND REPRODUCTION NOTE
Terms governing use and reproduction OpenEdition Books License
Uniform Resource Identifier <a href="https://www.openedition.org/12554">https://www.openedition.org/12554</a>
650 #4 - SUBJECT ADDED ENTRY--TOPICAL TERM
Topical term or geographic name entry element History
Topical term or geographic name entry element Social Sciences, Interdisciplinary
Topical term or geographic name entry element Le Havre
Topical term or geographic name entry element marins
Topical term or geographic name entry element histoire maritime
Topical term or geographic name entry element histoire des villes
760 0# - MAIN SERIES ENTRY
International Standard Serial Number 2111-496X
776 ## - ADDITIONAL PHYSICAL FORM ENTRY
International Standard Book Number 978-2-7535-4763-6
856 4# - ELECTRONIC LOCATION AND ACCESS
Data provenance Cochard, Nicolas
Uniform Resource Identifier <a href="https://books.openedition.org/pur/46978">https://books.openedition.org/pur/46978</a>
Link text Les marins du Havre

Pas d'exemplaire disponible.

Bibliothèque universitaire de l'UEH
Portail centralisé donnant accès au catalogue, aux ressources numériques et aux productions scientifiques de l’Université d’État d’Haïti.

Plateformes institutionnelles

  • Dépôt institutionnel UEH
  • Revues scientifiques UEH
  • GED institutionnelle
  • UEH enseignement à distance

Contact

  • Adresse : 21 Rue Rivière, Port-au-Prince
  • Email : bibliotheque@ueh.edu.ht
  • Téléphone : +509 22-45-68-43 / 22-45-68-44
  • Heures : Lundi–Vendredi 8h–16h
© 2026 UEH – E-Bibliothèque de l’Université d’État d’Haïti | À propos | Confidentialité | Conditions | Mentions légales | Accessibilité | Plan du site | Contact